00327nam a2200121Ia 4500008004100000040001700041041001200058082001700070100002400087245003600111260004700147300001100194230917s9999||||xx |||||||||||||| ||und|| e128925aMAIN aEnglish a813.09 W123C aWagenknecht, Edward 0aCavalcade of the American novel aNew YorkbHolt, Rinehart and Winstonc1965 a572 p.